000 00309nam a22001337a 4500
020 _a0-439-83157-1
082 _a823
_bWAS/S
100 _aWASSERMAN, ROBIN
245 _aUNFABULOUS STARSTRUCK
260 _aUNITED STATES
_bSCHOLASTIC INC
_c2006
300 _a105
650 _aNOVEL
_zUNITED STATES
942 _cBK
999 _c2510
_d2510